Histoire du drapeau de l'Irlande - Statistiques

Statistiques générales
  • Ce quiz a été pris 180 fois
  • Le résultat moyen est 4 sur 7
Statistiques - réponses
Hint Réponse % Correct
Irlande (drapeau actuel depuis 1922)
88%
Royaume-Uni de Grande-Bretagne et d'Irlande (1801-1922)
64%
Confédération irlandaise catholique (1642-1651)
57%
Seigneurie d'Irlande (1171-1541)
56%
Deuxième drapeau du Commonwealth d'Angleterre (1658-1659)
54%
Premier drapeau du Commonwealth d'Angleterre (1651-1658)
32%
Royaume d'Irlande (1541-1642 et 1659-1801)
19%
Aucun quiz correspondant
Distribution des résultats
% des personnes avec chaque résultat
Percentile par nombre de réponses
Votre historique - résultats
Vous n’avez pas pris ce quiz